000 00622nam a2200205 i 4500
001 62146
003 ES-MaACL
005 20230906164621.0
007 t|
008 031118s1955 sp ||||1| spa d
100 1 _aFerchault, Guy.
_949276
245 1 0 _aClaudio Debussy /
_cGuy Ferchault ; traducción, prólogo y notas de José Juan Pérez.
260 _aMadrid :
_b[s.n.,
_c1955] (
_fGráf. C.I.O.)
300 _a195 p. ;
_c17 cm.
490 1 _aEl grifón ;
_v21
700 1 _aPérez, José Juan.
_990587
830 0 _aEl grifón ;
_v21
_9181273
852 _aES-MaACL
_jC-10043
_bR.37420
999 _c62146
_d62146